| 000 | 00383 a2200169 4500 | ||
|---|---|---|---|
| 000 | nam a22 7a 4500 | ||
| 001 | 1944 | ||
| 005 | 20260412171211.0 | ||
| 020 | _a9780393697012 | ||
| 100 | _aRichard Current | ||
| 110 | _aRichard Current | ||
| 245 | _aAmerican History: A survey | ||
| 250 | _a13th | ||
| 260 |
_bHill Edition _c2009 |
||
| 264 |
_bHill Edition _c2009 |
||
| 942 | _cBK | ||
| 999 |
_c1944 _d1944 |
||